Southville International School and Colleges
Your cart is empty.
  • Cart
  • Lists
    Public lists list_1 View all
    Your lists Log in to create your own lists
  • Log in to your account
  • Your cookies
  • Search history
Southville International School and Colleges
  • Advanced search
  • Recent comments
  • Most popular
  • Libraries

Log in to your account

Log in with GOOGLE


If you do not have an external account, but do have a local account, you can still log in:

  1. Home
  2. MARC view: This is the place for me /
Normal view MARC view ISBD view

This is the place for me / (Record no. 103270)

[ view plain ]
MARC details
000 -LEADER
fixed length control field 00469nam a2200169 a 4500
005 - DATE AND TIME OF LATEST TRANSACTION
control field 20140412111258.0
008 - FIXED-LENGTH DATA ELEMENTS--GENERAL INFORMATION
fixed length control field 110907s19uu xx 00 eng d
020 ## - INTERNATIONAL STANDARD BOOK NUMBER
International Standard Book Number 0-590-33996-6
050 ## - LIBRARY OF CONGRESS CALL NUMBER
Classification number TR(PS E
Item number Th32 1986
100 ## - MAIN ENTRY--PERSONAL NAME
Personal name Cole, Joanna
245 ## - TITLE STATEMENT
Title This is the place for me /
Statement of responsibility, etc Joanna Cole.
260 ## - PUBLICATION, DISTRIBUTION, ETC. (IMPRINT)
Place of publication, distribution, etc New York :
Name of publisher, distributor, etc Scholastic,
Date of publication, distribution, etc 1986.
300 ## - PHYSICAL DESCRIPTION
Extent unp.
520 ## - SUMMARY, ETC.
Summary, etc Morty is looking for a house. But it is not easy.
650 ## - SUBJECT ADDED ENTRY--TOPICAL TERM
Topical term or geographic name as entry element houses
Holdings
Withdrawn status Lost status Damaged status Home library Current library Shelving location Date acquired Source of acquisition Total Checkouts Full call number Barcode Date last seen Price effective from Koha item type
      Elizalde Library Elizalde Library Teachers Reference Section 09/07/2011     TR(PS E Th32 1986 E4230 04/12/2014 04/12/2014 Books

This is the place for me /

APA

Cole J., . (1986). This is the place for me. New York: Scholastic.

Chicago

Cole Joanna, . 1986. This is the place for me. New York: Scholastic.

Harvard

Cole J., . (1986). This is the place for me. New York: Scholastic.

MLA

Cole Joanna, . This is the place for me. New York: Scholastic. 1986.

  • Place hold
  • Print
  • Cite
  • Add to your cart (remove)
  • Save record
    BIBTEX Dublin Core MARCXML MARC (non-Unicode/MARC-8) MARC (Unicode/UTF-8) MARC (Unicode/UTF-8, Standard) MODS (XML) RIS
  • More searches
    Search for this title in:
    Other Libraries (WorldCat) Other Databases (Google Scholar) Online Stores (Bookfinder.com) Open Library (openlibrary.org)

Exporting to Dublin Core...

SOUTHVILLE LIBRARY

Southville International School and Colleges Library

1281 Tropical Ave. Cor. Luxembourg St., BF Homes International, Las Pinas City

Tel. No. 8256374 / 252358 Loc. 117/146

Powered by Koha